El sol babea jugo de piña: antología de las literaturas indígenas del Atlántico, el Pacífico y la Serranía del Perijá
Guardat en:
| Autor principal: | |
|---|---|
| Format: | Llibre |
| Idioma: | espanyol |
| Publicat: |
Bogotá
Ministerio de Cultura
2010
|
| Edició: | 1a. ed |
| Col·lecció: | Biblioteca Básica de los Pueblos Indígenas de Colombia, 3
|
| Matèries: | |
| Etiquetes: |
Afegir etiqueta
Sense etiquetes, Sigues el primer a etiquetar aquest registre!
|
MARC
| LEADER | 00000nam a2200000 a 4500 | ||
|---|---|---|---|
| 001 | UCG5418 | ||
| 003 | CL-VaPUC | ||
| 008 | 110303e20100800CK |||||||||||||||||spa|d | ||
| 020 | |a 9789587530148o.c | ||
| 020 | |a 9789587530209t.3 | ||
| 082 | 0 | 4 | |a Co863 |b ROC |2 21 |
| 100 | 0 | |a Rocha Vivas, Miguel |e author |9 555132 | |
| 245 | 1 | 3 | |a El sol babea jugo de piña: antología de las literaturas indígenas del Atlántico, el Pacífico y la Serranía del Perijá |
| 250 | |a 1a. ed | ||
| 300 | |a 763 p | ||
| 942 | |c BK | ||
| 945 | |d 20110303 00:00:00 |a dcastane | ||
| 260 | |a Bogotá |b Ministerio de Cultura |c 2010 | ||
| 650 | 0 | |a Literatura colombiana |9 315578 | |
| 650 | 7 | |a HISTORIA DE COLOMBIA SIGLO 20 |2 CL-VaPUC |9 555133 | |
| 650 | 7 | |a POESIA COLOMBIANA |2 CL-VaPUC |9 376916 | |
| 651 | 0 | |a Colombia |9 256424 | |
| 583 | |a last modification |c 20110303 00:00:00 |k Rodrigo Vera | ||
| 490 | 0 | |a Biblioteca Básica de los Pueblos Indígenas de Colombia, 3 | |
| 999 | |c 343938 |d 343936 | ||
| 952 | |0 0 |1 0 |4 0 |6 CO_863_000000000000000_ROC_2010 |7 0 |8 A |9 441655 |a BIBART |b BIBART |d 2019-11-22 |i 4747259 |o Co863 ROC 2010 |p 4747259 |r 2025-03-13 |w 2019-11-22 |y BK |k ART | ||